UBT Library

FOOD AND BEVERAGE COST CONTROL (Record no. 38310)

000 -LEADER
fixed length control field 00310nam a22001337a 4500
008 - FIXED-LENGTH DATA ELEMENTS--GENERAL INFORMATION
fixed length control field 171123b xxu||||| |||| 00| 0 eng d
020 ## - INTERNATIONAL STANDARD BOOK NUMBER
International Standard Book Number 9780470251386
041 ## - LANGUAGE CODE
Language code of text/sound track or separate title eng
080 ## - UNIVERSAL DECIMAL CLASSIFICATION NUMBER
Edition identifier 5 ED
Universal Decimal Classification number 612.39
100 ## - Rafti
Rafti 40
101 ## - Shkurtesa
Shkurtesa NUT
245 ## - TITLE STATEMENT
Title FOOD AND BEVERAGE COST CONTROL
Statement of responsibility, etc LEA.R.D
942 ## - ADDED ENTRY ELEMENTS (KOHA)
Source of classification or shelving scheme
Item type Books
Holdings
Withdrawn status Lost status Source of classification or shelving scheme Damaged status Not for loan Collection code Permanent location Current location Shelving location Date acquired Total Checkouts Full call number Barcode Date last seen Price effective from Koha item type
          Koleksioni i përgjithshem UBT - Lipjan UBT - Lipjan Koleksioni i përgjithshem 11/23/2017   612.39 LEA 002-2938170 11/23/2017 11/23/2017 Books
UBT Library © 2015-2024. All rights reserved University Education for Business and Technology